Tiada Duka Yang Abadi

Bibliographic Details
Main Author: Natrah Shafiei
Format: Book
Published: Kuala Lumpur : Ana Muslim Sdn.Bhd. , 2013
Series:Siri Novel Remaja Ana Muslim
Subjects:

MARC

LEADER 00000cam a2200000 7i4500
001 0000104812
005 20140106.0
008 100526 bm
020 |a 9789674031404 (set) 
020 |a 9789674032456 
090 0 0 |a BF NAT 
100 1 |a Natrah Shafiei 
245 1 0 |a Tiada Duka Yang Abadi   |c Natrah Shafiei 
260 |a Kuala Lumpur :   |b Ana Muslim Sdn.Bhd. ,   |c 2013 
300 |a 202p. ;   |c 17cm. 
440 0 |a Siri Novel Remaja Ana Muslim 
650 0 0 |a Youth Fiction   |x Malay 
999 |a 0000240625   |b Buku   |c Rak Terbuka   |e Perbadanan Perpustakaan Awam Melaka 
999 |a 0000240626   |b Buku   |c Rak Terbuka   |e Perpustakaan Sekolah Henrey Gurney 
999 |a 0000240627   |b Buku   |c Rak Terbuka   |e Perpustakaan Cawangan Jasin 
999 |a 0000240628   |b Buku   |c Rak Terbuka   |e Perpustakaan Cawangan Jasin 
999 |a 0000240629   |b Buku   |c Rak Terbuka   |e Perpustakaan Cawangan Masjid Tanah 
999 |a 0000240630   |b Buku   |c Rak Terbuka   |e Perpustakaan Cawangan Masjid Tanah 
999 |a 0000240631   |b Buku   |c Rak Terbuka   |e Perpustakaan Cawangan Merlimau 
999 |a 0000240632   |b Buku   |c Rak Terbuka   |e Perpustakaan Cawangan Merlimau 
999 |a 0000240633   |b Buku   |c Rak Terbuka   |e Perbadanan Perpustakaan Awam Melaka 
999 |a 0000240634   |b Buku   |c Rak Terbuka   |e Perbadanan Perpustakaan Awam Melaka 
999 |a 0000240635   |b Buku   |c Rak Terbuka   |e Perbadanan Perpustakaan Awam Melaka 
999 |a 0000240636   |b Buku   |c Rak Terbuka   |e PERPUSTAKAAN PENJARA SUNGAI UDANG 
999 |a 0000240637   |b Buku   |c Rak Terbuka   |e Perbadanan Perpustakaan Awam Melaka 
999 |a 0000240638   |b Buku   |c Rak Terbuka   |e Perbadanan Perpustakaan Awam Melaka 
999 |a 0000240639   |b Buku   |c Rak Terbuka   |e Perbadanan Perpustakaan Awam Melaka 
999 |a 0000240640   |b Buku   |c Rak Terbuka   |e Perbadanan Perpustakaan Awam Melaka 
999 |a 0000240641   |b Buku   |c Rak Terbuka   |e Perbadanan Perpustakaan Awam Melaka 
999 |a 0000240642   |b Buku   |c Rak Terbuka   |e Perbadanan Perpustakaan Awam Melaka 
999 |a 0000240643   |b Buku   |c Rak Terbuka   |e Perbadanan Perpustakaan Awam Melaka 
999 |a 0000240644   |b Buku   |c Rak Terbuka   |e Perbadanan Perpustakaan Awam Melaka 
999 |a 0000240645   |b Buku   |c Rak Terbuka   |e Perbadanan Perpustakaan Awam Melaka 
999 |a 0000240646   |b Buku   |c Rak Terbuka   |e Perbadanan Perpustakaan Awam Melaka 
999 |a 0000240647   |b Buku   |c Rak Terbuka   |e Perbadanan Perpustakaan Awam Melaka 
999 |a 0000240648   |b Buku   |c Rak Terbuka   |e Perbadanan Perpustakaan Awam Melaka 
999 |a 0000240649   |b Buku   |c Rak Terbuka   |e Perbadanan Perpustakaan Awam Melaka 
999 |a 0000240650   |b Buku   |c Rak Terbuka   |e Perbadanan Perpustakaan Awam Melaka 
999 |a 0000240651   |b Buku   |c Rak Terbuka   |e Perbadanan Perpustakaan Awam Melaka 
999 |a 0000240652   |b Buku   |c Rak Terbuka   |e Perpustakaan Sekolah Tunas Bakti 
999 |a 0000240653   |b Buku   |c Rak Terbuka   |e Perbadanan Perpustakaan Awam Melaka 
999 |a 0000240654   |b Buku   |c Rak Terbuka   |e Perbadanan Perpustakaan Awam Melaka 
999 |a 0000240655   |b Buku   |c Rak Terbuka   |e Perbadanan Perpustakaan Awam Melaka 
999 |a 0000240656   |b Buku   |c Rak Terbuka   |e Perbadanan Perpustakaan Awam Melaka 
999 |a 0000240657   |b Buku   |c Rak Terbuka   |e Perbadanan Perpustakaan Awam Melaka 
999 |a 0000240658   |b Buku   |c Rak Terbuka   |e Perpustakaan Sekolah Henrey Gurney 
999 |a 0000240659   |b Buku   |c Rak Terbuka   |e Perbadanan Perpustakaan Awam Melaka 
999 |a 0000240660   |b Buku   |c Rak Terbuka   |e Perbadanan Perpustakaan Awam Melaka 
999 |a 0000240661   |b Buku   |c Rak Terbuka   |e PK Aeon Jaya Jusco 
999 |a 0000240662   |b Buku   |c Rak Terbuka   |e PK Melaka Mall 
999 |a 0000240663   |b Buku   |c Rak Terbuka   |e Perbadanan Perpustakaan Awam Melaka 
999 |a 0000240664   |b Buku   |c Rak Terbuka   |e Perbadanan Perpustakaan Awam Melaka 
999 |a 0000240665   |b Buku   |c Rak Terbuka   |e Perbadanan Perpustakaan Awam Melaka 
999 |a 0000240666   |b Buku   |c Rak Terbuka   |e Perbadanan Perpustakaan Awam Melaka